Giáo trình luyện dịch trung cao cấp tiếng Hàn Quốc : Luyện phiên dịch các bài phát biểu, hợp đồng đơn giản, bản tin, nội quy công ty, thư tín, kịch bản... /

Αποθηκεύτηκε σε:
Λεπτομέρειες βιβλιογραφικής εγγραφής
Κύριος συγγραφέας: Lê Huy Khoa.
Μορφή: Sách giấy
Γλώσσα:Vietnamese
Έκδοση: Tp. Hồ Chí Minh : Tổng hợp, 2019.
Θέματα:
Ετικέτες: Προσθήκη ετικέτας
Δεν υπάρχουν, Καταχωρήστε ετικέτα πρώτοι!
Thư viện lưu trữ: Thư viện Trường Đại học Đà Lạt
LEADER 00996nam a2200313 4500
001 DLU210196319
005 ##20210512
020 # # |a 9786045896051 
040 # # |a DLU  |b vie 
041 # # |a vie 
044 # # |a vn 
082 # # |a 418.02  |b LE-K 
100 # # |a Lê Huy Khoa. 
245 # # |a Giáo trình luyện dịch trung cao cấp tiếng Hàn Quốc :  |b Luyện phiên dịch các bài phát biểu, hợp đồng đơn giản, bản tin, nội quy công ty, thư tín, kịch bản... /  |c Lê Huy Khoa. 
260 # # |a Tp. Hồ Chí Minh :  |b Tổng hợp,  |c 2019. 
300 # # |a 213 tr. ;  |c 21 cm. 
650 # # |a Biên dịch và phiên dịch. 
650 # # |a Tiếng Hàn Quốc  |x Dịch sang tiếng Việt. 
923 # # |a 03/2020 
991 # # |a SH 
992 # # |a 75000 
994 # # |a DLU 
900 # # |a True 
911 # # |a Nguyễn Thanh Hương 
925 # # |a G 
926 # # |a A 
927 # # |a SH 
980 # # |a Thư viện Trường Đại học Đà Lạt